01078cam a22002771 4500001001300000003000400013005001700017008004100034010001700075035001900092040004000111042001200151043001200163050002000175082001100195110005100206245027800257260002400535300004600559500002000605504003000625650005200655700003000707710004600737999001700783e 33001075 DLC20260227111223.0820920s1923 wvuaf b s000 0 eng c ae 33001075  a(OCoLC)8788139 aU.S.Off.of Educ. LibrarycDNIEdDLC apremarc an-us-wv00aGV361b.W4 1932 a613.711 aWest Virginia.bState Department of Education.00aManual of physical education for elementary schools;cprescribed by the State board of education, state of West Virginia. Revised by Arthur V.G. Upton, state director of physical education under direction of William C. Cook, state superintendent of free schools. 1932 ... a[Charleston,c1932] a240 p.billus., col. pl., diagrs.c23 cm. aIncludes music. aBibliography: p. 236-237. 0aPhysical education and trainingzWest Virginia.1 aUpton, Arthur Van Gorder.1 aWest Virginia.bState Board of Education. c21317d21317